الحدود والأشربة في الفقه الإسلامي / (Record no. 2313)

MARC details
000 -الفاتح
عناصر البيانات ثابتة الطول 00539cam a2200169 i 4500
005 - تاريخ ووقت آخر معاملة
حقل ضبط 20251214120142.0
008 - عناصر البيانات ثابتة الطول
عناصر البيانات ثابتة الطول 250721s1972 jo gr 000 0 ara d
082 14 - رقم تصنيف ديوي العشري
رقم التصنيف 216,8
رقم المادة أ ح م
100 1# - مدخل رئيسي – اسم شخصي
الاسم الشخصي الحصري، أحمد
علاقة الشخص بالعمل/ دوره مؤلف.
245 12 - بيان العنوان
العنوان الحدود والأشربة في الفقه الإسلامي /
بيان المسؤولية أحمد الحصري.
264 31 - بيانات النشر، التوزيع…إلخ
مكان النشر، التوزيع...إلخ عمان :
اسم الناشر، الموزع...إلخ مكتبة الاقصى،
تاريخ النشر، التوزيع...إلخ 1972.
300 ## - الوصف المادي
عدد الوحدات المكونة للوعاء 728 صفحة.
650 17 - مدخل إضافي بالموضوع - مصطلح موضوعي
مصطلح موضوعي أو اسم جغرافي كعنصر مدخل الإسلام.
650 17 - مدخل إضافي بالموضوع - مصطلح موضوعي
مصطلح موضوعي أو اسم جغرافي كعنصر مدخل العقوبات.
942 ## - بيانات إضافية (كوها)
نوع التنصيف Dewey Decimal Classification
نوع المادة (كوها) Books
Holdings
حالة السحب حالة الفقدان مصدر التصنيف حالة التلف غير قابل للإعارة المكتبة الرئيسية المكتبة الحالية موقع الرف تاريخ التزويد الرقم المتسلسل Total Checkouts رقم الإستدعاء الباركود تاريخ آخر ظهور تاريخ الفاتورة نوع المادة (كوها)
    Dewey Decimal Classification     المكتبة المركزية المكتبة المركزية الإعارة 06/07/2004 55495   216,8 / أ ح م DUP-02_55495 28/07/2025 06/07/2004 Books
Implemented & Customized by: BBB with SCIT (Smart Chains for Information Technology)

Powered by Koha